[Event "Washington State Invitational"]
[Site "Seattle"]
[Date "2010.02.07"]
[Round "4"]
[White "Tang, Wayee"]
[Black "Narayanan, Siva Bala"]
[Result "1-0"]
[WhiteElo "1490"]
[BlackElo "1787"]
[PlyCount "43"]
[EventDate "2010.02.06"]
[EventType "tourn"]
[EventRounds "9"]
[EventCountry "USA"]
[SourceTitle "EXT 2017"]
[Source "ChessBase"]
[SourceDate "2016.10.25"]
[SourceVersion "1"]
[SourceVersionDate "2016.10.25"]
[SourceQuality "1"]

1. e4 d5 2. exd5 Nf6 3. Nf3 Bg4 4. Be2 Qxd5 5. Nc3 Qh5 6. d4 Nc6 7. Be3 0-0-0 8. 0-0 Qa5 9. h3 Bh5 10. a3 Nd5 11. Nxd5 Qxd5 12. c4 Qe6 13. Ng5 Nxd4 14. Bxh5 Qxc4 15. Nxf7 Rd5 16. Nxh8 g6 17. Qg4+ e6 18. Nxg6 hxg6 19. Bxg6 Rd8 20. Rad1 Ne2+ 21. Kh1 Bd6 22. Qxc4 1-0